Normal view
MARC view
Entry Personal Name
001 - CONTROL NUMBER
- control field: 5079
003 - CONTROL NUMBER IDENTIFIER
- control field: BD-RjUL
005 - DATE AND TIME OF LATEST TRANSACTION
- control field: 20220929151854.0
008 - FIXED-LENGTH DATA ELEMENTS
- fixed length control field: 220929|| aca||aabn | a|a d
040 ## - CATALOGING SOURCE
- Original cataloging agency: BD-RjUL
- Transcribing agency: BD-RjUL
100 ## - HEADING--PERSONAL NAME
- Personal name: Afsaruddin, Md. Supervisor
670 ## - SOURCE DATA FOUND
- Source citation: Work cat.: (BD-RjUL)80467: Shirin, Anjuman 5077, Family structure, residential background and adjustment of the students of Rajshahi University as related to their Achievement Motivation /, 2004